[Event "Guillermo Garcia Memorial op 26th"]
[Site "Santa Clara"]
[Date "2017.05.19"]
[Round "4"]
[White "Lefran Torres, Manuel Alejandro"]
[Black "Ruiz, Luis"]
[Result "1-0"]
[WhiteElo "2266"]
[BlackElo "2193"]
[PlyCount "55"]
[EventDate "2017.05.16"]
[EventType "swiss"]
[EventRounds "9"]
[EventCountry "CUB"]
[SourceTitle "CBM 178 Extra"]
[Source "ChessBase"]
[SourceDate "2017.06.22"]
[SourceVersion "1"]
[SourceVersionDate "2017.06.22"]
[SourceQuality "1"]

1. e4 c5 2. Nf3 e6 3. d4 cxd4 4. Nxd4 Nc6 5. Nxc6 bxc6 6. Bd3 Nf6 7. 0-0 e5 8. c4 d6 9. Nc3 Be7 10. Bg5 0-0 11. Bxf6 Bxf6 12. c5 dxc5 13. Na4 Rb8 14. b3 Bg5 15. Nxc5 Qe7 16. Qc2 Rd8 17. Na4 Rd6 18. Rfd1 Rh6 19. Qc5 Qxc5 20. Nxc5 Bg4 21. Na6 Rd8 22. f3 Be3+ 23. Kh1 Bc8 24. Nb4 Rhd6 25. Be2 a5 26. Nxc6 Rxd1+ 27. Rxd1 Rxd1+ 28. Bxd1 1-0

[Event "Guillermo Garcia Memorial op 26th"]
[Site "Santa Clara"]
[Date "2017.05.17"]
[Round "2"]
[White "Lefran Torres, Manuel Alejandro"]
[Black "Palmero Martinez, Rachel"]
[Result "0-1"]
[WhiteElo "2266"]
[BlackElo "2040"]
[PlyCount "82"]
[EventDate "2017.05.16"]
[EventType "swiss"]
[EventRounds "9"]
[EventCountry "CUB"]
[SourceTitle "CBM 178 Extra"]
[Source "ChessBase"]
[SourceDate "2017.06.22"]
[SourceVersion "1"]
[SourceVersionDate "2017.06.22"]
[SourceQuality "1"]

1. d4 Nf6 2. Nc3 g6 3. e4 d6 4. f4 Bg7 5. Nf3 0-0 6. Be2 c5 7. Be3 Ng4 8. Bg1 cxd4 9. Nxd4 Nf6 10. Be3 Nc6 11. Qd2 Bd7 12. 0-0 Rc8 13. h3 Na5 14. Rad1 Nc4 15. Bxc4 Rxc4 16. e5 Ne8 17. Nf3 Be6 18. Nd5 Bxd5 19. Qxd5 Rxc2 20. Qxb7 Qc7 21. Qb3 Qc4 22. Qxc4 Rxc4 23. Bxa7 Rxf4 24. Bd4 dxe5 25. Bxe5 Rxf3 26. Rxf3 Bxe5 27. b4 Nd6 28. a4 Rc8 29. Rb3 Rc4 30. a5 Bd4+ 31. Kf1 Nb5 32. g4 e5 33. Rd2 e4 34. a6 e3 35. Ra2 Ba7 36. Ra1 e2+ 37. Ke1 Nd4 38. Rbb1 Nc2+ 39. Kxe2 Nxa1 40. b5 Ra4 41. Kd3 Bb6 0-1

[Event "Matanzas Batalla de Ideas-B 4th"]
[Site "Matanzas"]
[Date "2007.07.19"]
[Round "9"]
[White "Lefran Torres, Manuel Alejandro"]
[Black "Borges del Pino, Oliver"]
[Result "1-0"]
[WhiteElo "2161"]
[BlackElo "2145"]
[PlyCount "104"]
[EventDate "2007.07.15"]
[EventType "tourn"]
[EventRounds "14"]
[EventCountry "CUB"]
[SourceTitle "EXT 2019"]
[Source "ChessBase"]
[SourceDate "2018.10.10"]
[SourceVersion "1"]
[SourceVersionDate "2018.10.10"]
[SourceQuality "1"]

1. d4 Nf6 2. Bg5 Ne4 3. Bf4 d5 4. e3 g6 5. Be5 f6 6. Bf4 Bg7 7. Nf3 Nd7 8. Nbd2 e5 9. Bg3 Nd6 10. Nb3 c6 11. Rc1 b5 12. Be2 Nc4 13. Bxc4 bxc4 14. Nbd2 e4 15. Ng1 0-0 16. Ne2 Nb6 17. Nc3 f5 18. b3 g5 19. Ne2 Ba6 20. h4 f4 21. exf4 c3 22. Nf1 Bxe2 23. Qxe2 gxf4 24. Bh2 Qf6 25. Rd1 Rae8 26. g3 f3 27. Qe3 Bh6 28. Qxc3 e3 29. Nxe3 Rxe3+ 30. fxe3 f2+ 31. Kd2 Qf3 32. g4 f1Q 33. Rdxf1 Qg2+ 34. Ke1 Rxf1+ 35. Rxf1 Qxh2 36. Kd1 Qg2 37. Re1 Qxg4+ 38. Kc1 Qg6 39. Kb1 Bf8 40. h5 Qg3 41. Rf1 Qd6 42. Rg1+ Kf7 43. Qd3 Qh6 44. Qf5+ Ke7 45. e4 dxe4 46. Qxe4+ Kd7 47. Rf1 Be7 48. Qf5+ Kc7 49. Qe5+ Qd6 50. Rf7 Kd7 51. Rxh7 Nd5 52. Qxd6+ Kxd6 1-0

[Event "Cardenas Cup 3rd"]
[Site "Cardenas"]
[Date "2007.05.05"]
[Round "15"]
[White "Lefran Torres, Manuel Alejandro"]
[Black "Calvo Buides, Arnaldo"]
[Result "1-0"]
[WhiteElo "2101"]
[BlackElo "2101"]
[PlyCount "43"]
[EventDate "2007.04.28"]
[EventType "tourn"]
[EventRounds "18"]
[EventCountry "CUB"]
[SourceTitle "EXT 2019"]
[Source "ChessBase"]
[SourceDate "2018.10.10"]
[SourceVersion "1"]
[SourceVersionDate "2018.10.10"]
[SourceQuality "1"]

1. d4 d5 2. c4 c6 3. Nf3 Nf6 4. Nc3 e6 5. cxd5 exd5 6. Bg5 Be7 7. Qc2 Bg4 8. e3 Nbd7 9. Bd3 Bh5 10. h3 Bg6 11. 0-0 0-0 12. Bxg6 hxg6 13. Rab1 a6 14. b4 b5 15. Ne2 Rc8 16. Bxf6 gxf6 17. Nf4 Kg7 18. Nh4 f5 19. Nhxg6 Re8 20. Qxf5 Bg5 21. Nh5+ Kg8 22. f4 1-0

[Event "Cardenas Cup 3rd"]
[Site "Cardenas"]
[Date "2007.05.04"]
[Round "14"]
[White "Acosta Pedroso, Gerardo"]
[Black "Lefran Torres, Manuel Alejandro"]
[Result "1-0"]
[WhiteElo "2194"]
[BlackElo "2101"]
[PlyCount "103"]
[EventDate "2007.04.28"]
[EventType "tourn"]
[EventRounds "18"]
[EventCountry "CUB"]
[SourceTitle "EXT 2019"]
[Source "ChessBase"]
[SourceDate "2018.10.10"]
[SourceVersion "1"]
[SourceVersionDate "2018.10.10"]
[SourceQuality "1"]

1. e4 c5 2. Nf3 d6 3. Bb5+ Bd7 4. Bxd7+ Qxd7 5. 0-0 Nc6 6. Re1 e5 7. c3 g6 8. d4 Bg7 9. dxc5 dxc5 10. Qxd7+ Kxd7 11. Na3 a6 12. Be3 b6 13. Ng5 Rf8 14. Rad1+ Kc7 15. f4 exf4 16. Bxf4+ Be5 17. Bxe5+ Nxe5 18. Rd5 Nc6 19. Rf1 Nge7 20. Nxf7 Nxd5 21. exd5 Rhg8 22. dxc6 Rg7 23. Ng5 Rxf1+ 24. Kxf1 Kxc6 25. Ke2 Re7+ 26. Kd2 Rd7+ 27. Ke2 Re7+ 28. Kf2 b5 29. Nc2 Re5 30. Nf3 Re7 31. Ng5 Re5 32. Nf3 Re7 33. g4 h6 34. h3 a5 35. a3 Re8 36. Nh4 Re6 37. Nf3 Re8 38. h4 Re6 39. Ncd4+ cxd4 40. Nxd4+ Kd5 41. Nxe6 Kxe6 42. b3 Kd5 43. Ke3 Ke5 44. c4 bxc4 45. bxc4 h5 46. gxh5 gxh5 47. a4 Kd6 48. Kd4 Kc6 49. c5 Kb7 50. Kd5 Kc7 51. c6 Kb8 52. Kd6 1-0

[Event "Cardenas Cup 3rd"]
[Site "Cardenas"]
[Date "2007.04.30"]
[Round "6"]
[White "Calvo Buides, Arnaldo"]
[Black "Lefran Torres, Manuel Alejandro"]
[Result "0-1"]
[WhiteElo "2101"]
[BlackElo "2101"]
[PlyCount "46"]
[EventDate "2007.04.28"]
[EventType "tourn"]
[EventRounds "18"]
[EventCountry "CUB"]
[SourceTitle "EXT 2019"]
[Source "ChessBase"]
[SourceDate "2018.10.10"]
[SourceVersion "1"]
[SourceVersionDate "2018.10.10"]
[SourceQuality "1"]

1. b3 Nf6 2. Bb2 e6 3. e3 b6 4. d4 Bb7 5. Nf3 Ne4 6. a3 f5 7. Bd3 d6 8. 0-0 Be7 9. Nc3 0-0 10. Nd2 Nxc3 11. Bxc3 Qe8 12. Be2 Nd7 13. Bf3 Bxf3 14. Qxf3 Nf6 15. Bb2 g5 16. c4 g4 17. Qe2 Qh5 18. e4 f4 19. e5 f3 20. Qe1 g3 21. Nxf3 Ng4 22. h3 Rxf3 23. Qe4 gxf2+ 0-1